00453nam a2200193Ia 4500008004100000020001800041245003100059245002300090260001500113260001600128260000900144300001500153300002500168300001000193440002300203440000600226500000800232999001900240170705s9999 xx 000 0 und d a9780590988247 aSunset of the Sabertooth / cMary Pope Osborne. aNew York : bScholastic, c1996 a67 pages : bcolor illustration ; c19cm. aMagic tree house ; v7 a350 c335595d335595